Quizzes
Events
Quiz Creation
Community
Videos
Private Events
Remove Ads
Sign In
Join for FREE
Feedback
Dark Mode
Quiz Categories
Sports
Geography
Music
Movies
Television
Just For Fun
Miscellaneous
History
Literature
Language
Science
Gaming
Entertainment
Religion
Holiday
For Kids
Quiz Lab
Recent
Popular Today
Quiz Kudos Today
Editor Picks
Curator Picks
Quizzes by...
Day
Popularity
Type
Ratings
Length
Year
Community
Subscriptions
Recent Discussions
Orange Saloon
Badges
Playlists
Quests
Create
Leaderboards
Showdown
Live 5
Trivia Bingo
Activity
Puzzle Library
Sporcle Events
Private Events
Virtual Trivia
Globe League
Become a Host
Pub Owners
SporcleCon
Opinionation
Our Games
Videos
Blog
Mobile Apps
Partnerships
Remove Ads and Go Orange
Feedback
Just For Fun
Clickable
Get the Picture
Humor
Quick Pick
Word Ladder
Missing Word
Mixed Word
Blitz
Minefield
This or That
Alphabet
Color
Typing
Sporcle
Puzzle
Word Play
Follow That Line
Logic
Just For Fun
Clickable
Get the Picture
Humor
Quick Pick
Word Ladder
Missing Word
Mixed Word
Blitz
Minefield
This or That
Alphabet
Color
Typing
Sporcle
Puzzle
Word Play
Follow That Line
Logic
Random Quiz
Search Sporcle
×
Quiz Lab
Quiz Lab
Just For Fun
City
Type in answers that appear in a list
Type in answers that appear in a list
Classic
Best Score? Go Orange.
Top 10 Most Stressful Stats
Can you name the top 10 most stressful occupations, cities, colleges, and life events?
By
RyanM
8m
40 Questions
1,213 Plays
1,213 Plays
1,213 Plays
Comments
Comments
Give Quiz Kudos
Give Quiz Kudos
-
- Ratings
hide this ad
More Info
Replay
Link that replays current quiz
Next Quiz
Link to next quiz in quiz playlist
You Got
0%
They Got
Avg Score
40%
Avg Friend Score
Upgrade to see
Score Distribution
Jump to the score distribution portion of the page
Score
0/40
Timer
08:00
0
Plays Today
% Correct
New York
90.8%
Los Angeles
86.8%
Harvard University
83.3%
Death of Close Family Member
78.9%
Death of Spouse
78.8%
Chicago
76.1%
Public Relations Officer
65.1%
Stanford University
62.4%
Marriage
58.5%
Highway Patrol Officer
56.9%
Police Officer
56.8%
Detroit
55.9%
Boston
52.9%
Washington
50.5%
Princeton University
48.6%
Divorce
47.7%
Firefighter
45.9%
San Francisco
42%
Massachusetts Institute of Technology
40.1%
University of Pennsylvania
38.5%
% Correct
Pregnancy
36.9%
Corporate Executive
35.4%
Northwestern University
35.4%
Columbia University
33.4%
Surgeon
32.8%
Personal Injury or Illness
26.8%
Cleveland
25.7%
Loss of Job Due to Termination
24.6%
Commercial Pilot
21.7%
California Institute of Technology
21.5%
Taxi Driver
18.5%
Jail Term
15.2%
Change in Financial State
12.7%
San Jose
12.1%
Retirement
12.1%
Vanderbilt University
10.7%
Carnegie Mellon University
8.7%
Providence
7.6%
Real Estate Agent
7.2%
Advertising Executive
2.5%
Quiz Playlist
Details
Report
Send in Message
Add To Playlist
More Info:
Sources: CareerCast, Forbes Magazine, Medical Encyclopedia Online, and The Daily Beast
Classic:
Type in answers that appear in a list
Last Updated: Feb 16, 2017
Quiz Scoreboard
CHALLENGE
Sign Up to Join the Scoreboard
Show All
Scores
Hide
Comments
May contain spoilers
Recently Published
9x9 Crossword: Cartoon Network
by jackfrog10
Miscellaneous
3m
College Basketball Coaching Resumes
by pancakes188
Sports
9m
Billboard Blitz: Fleetwood Mac
by CooCooCachoo
Music
15s
More to Explore
Quiz From the Vault
Featured Blog Post
Where Did the Easter Bunny Come From?
hide this ad
You Might Also Like...
Tags
City Quiz
College Quiz
Event
life
occupation
stressful
Today's Top Quizzes in Just For Fun
Browse Just For Fun
hide this ad
Today's Top Quizzes in City
Browse City
Top Contributed Quizzes in Just For Fun
1
Killer Double Trees 224 - Colour Match-Up
2
Spring Typing Challenge
3
Name Just One - 10 to 1: Just For Fun
4
Crossword Whiteout! 49
5
Zeroing In: Just For Fun
6
Survivor Winners Logic Puzzle
7
Word Ladder: Ahoy Matey
8
Word Ladder: Wilderness Weapon
9
Harry Potter Logic - 'In Chains' II
10
Kyle's 122nd Triple Trees
Explore More
Trending Topics
Disney
Kpop
Marvel
Anime
Harry Potter
Crossword
NBA
The Office
Puzzle
WWE
Country
Song
NFL
Pokémon
Soccer
hide this ad
More By:
RyanM
Quiz
Plays
Rating
Category
Featured
Created
Cereal in Milk!
643,792
4.11
Just For Fun
Aug 8, 2010
Almost Useless Movie Trivia III
222,282
4.56
Movies
Aug 5, 2010
Famous Faces by Carved Pumpkin
206,276
4.45
Holiday
Jul 16, 2010
Almost Useless Movie Trivia IV
174,813
4.49
Movies
Aug 6, 2010
Famous Feet
120,019
4.58
Just For Fun
Jun 27, 2010
Go to Creator's Profile
Score Distribution
Quiz Creator Spotlight
RyanM
Follow
Send a Message
Quizzes Created
-
Created Quiz Play Count
-
More By This Creator
Popular Quizzes Today
1
Find the US States - No Outlines Minefield
2
Find the Countries of Europe - No Outlines Minefield
3
The Countries of the World
4
Find the US States
5
Risky Map Clicking: Biggest States A-Z
6
US States
7
Popular People in 1961
8
Movies - When Are They Set?
More Just For Fun Quizzes
Word Ladder: Red Scare
Published
Trending Quizzes
Risky Map Clicking: Least Populous States A-Z
1-10 Letter G Words
1-10 Letter F Words
Risky Map Clicking: Next State Alphabetically
Adjectives in 80s TV Shows
Recently Updated
Leaping Animals
pecheneg
Reality TV Shows (A-Z)
bhenderson79
Rickey Henderson's Hall of Fame Teammates
pecheneg
Champions League XIs: Arsenal
pecheneg
Quick Pick: Celebrities in WWE's Hall of Fame
aduchscher
A-Z Keypad Blitz II
pecheneg
Multiple Oscar Actors
pecheneg
Mystery Phrase Blitz: Oscar 'Best Actors'
pecheneg
F. Scott Fitzgerald Novels
LTH
Pick 3 Villains
ddd62291
Trending Topics
Crossword
Disney
Anime
Kpop
NBA
Marvel
Harry Potter
Pokémon
The Office
Song
Country
Puzzle
NFL
Soccer
WWE
Your Account Isn't Verified!
In order to create a playlist on Sporcle, you need to verify the email address you used during registration. Go to your
Sporcle Settings
to finish the process.
Report this User
Report this user for behavior that violates our
Community Guidelines
.
Details:
Send Report
Go to the Sporcle.com Mobile Site →
Comments